Detalles MARC
| 000 -LEADER |
| fixed length control field |
01968cam a2200301 i 4500 |
| 001 - CONTROL NUMBER |
| control field |
55757 |
| 003 - CONTROL NUMBER IDENTIFIER |
| control field |
Mx-PuUPA |
| 005 - DATE AND TIME OF LATEST TRANSACTION |
| control field |
20220212131327.0 |
| 008 - FIXED-LENGTH DATA ELEMENTS--GENERAL INFORMATION |
| fixed length control field |
140415s2004 sp a fr 000 0 spa d |
| 020 ## - INTERNATIONAL STANDARD BOOK NUMBER |
| International Standard Book Number |
8467013516 |
| Qualifying information |
obra completa |
| 040 ## - CATALOGING SOURCE |
| Original cataloging agency |
Mx-PuUPA |
| Language of cataloging |
spa |
| Transcribing agency |
Mx-PuUPA |
| Modifying agency |
Mx-PuUPA |
| Description conventions |
rda |
| 041 0# - LANGUAGE CODE |
| Language code of text/sound track or separate title |
spa |
| 245 00 - TITLE STATEMENT |
| Title |
Summa artis : historia general del arte : |
| Remainder of title |
antología / |
| Statement of responsibility, etc. |
Miguel Cabañas Bravo ; directora editorial, Marisol Palés ; coordinadora de la edición, Carolina Reoyo ; editor, Víctor Álvarez |
| 264 #1 - PRODUCTION, PUBLICATION, DISTRIBUTION, MANUFACTURE, AND COPYRIGHT NOTICE |
| Place of production, publication, distribution, manufacture |
Madrid : |
| Name of producer, publisher, distributor, manufacturer |
Espasa Calpe, |
| Date of production, publication, distribution, manufacture, or copyright notice |
2004 |
| 300 ## - PHYSICAL DESCRIPTION |
| Extent |
16 volúmenes (paginación varía) : |
| Other physical details |
ilustraciones (a color) ; |
| Dimensions |
28 cm |
| 336 ## - CONTENT TYPE |
| Fuente |
rdacontent |
| Content type term |
texto |
| Content type code |
txt |
| 337 ## - MEDIA TYPE |
| Source |
rdamedia |
| Media type term |
sin medio |
| Media type code |
n |
| 338 ## - CARRIER TYPE |
| Source |
rdacarrier |
| Carrier type term |
volumen |
| Carrier type code |
nc |
| 505 ## - FORMATTED CONTENTS NOTE |
| Miscellaneous information |
v.1. |
| Title |
Arte prehistórico y de las primeras civilizaciones. -- |
| Miscellaneous information |
v.2. |
| Title |
Arte de la Edad Antigua, Egipto, Grecia y Roma. -- |
| Miscellaneous information |
v.3. |
| Title |
Arte de la Edad Media (I). -- |
| Miscellaneous information |
v.4. |
| Title |
Arte de la Edad Media (II). -- |
| Miscellaneous information |
v.5. |
| Title |
La época del Renacimiento en Europa. -- |
| Miscellaneous information |
v.6. |
| Title |
La época del Renacimiento en España e Iberoamérica. -- |
| Miscellaneous information |
v.7. |
| Title |
Arte de los siglos XVII y XVIII en Europa. -- |
| Miscellaneous information |
v.8. |
| Title |
Arte de los siglos XVII y XVIII en España e Iberoamérica. -- |
| Miscellaneous information |
v.9. |
| Title |
Arte europeo y norteamericano del siglo XIX. -- |
| Miscellaneous information |
v.10. |
| Title |
Arte español del Siglo XIX. -- |
| Miscellaneous information |
v.11. |
| Title |
La fotografía y el grabado en la España contemporánea. -- |
| Miscellaneous information |
v.12. |
| Title |
Las vanguardias del siglo XX. -- |
| Miscellaneous information |
v.13. |
| Title |
Arte español del siglo XX. -- |
| Miscellaneous information |
v.14. |
| Title |
El art déco y la arquitectura europea y americana del siglo XX. -- |
| Miscellaneous information |
v.15. |
| Title |
Arte aborigen y de las civilizaciones no europeas. -- |
| Miscellaneous information |
v.16. |
| Title |
Arte de la India, China y Japón. |
| 650 #7 - SUBJECT ADDED ENTRY--TOPICAL TERM |
| Topical term or geographic name entry element |
Arte |
| General subdivision |
Historia |
| Source of heading or term |
armarc |
| 700 1# - ADDED ENTRY--PERSONAL NAME |
| 9 (RLIN) |
12057 |
| Personal name |
Cabañas Bravo, Miguel, |
| Dates associated with a name |
1963- |
| Relator term |
editor |
| 700 1# - ADDED ENTRY--PERSONAL NAME |
| Personal name |
Palés, Marisol, |
| Relator term |
director |
| 700 1# - ADDED ENTRY--PERSONAL NAME |
| Personal name |
Reoyo, Carolina, |
| Relator term |
coordinador |
| 700 1# - ADDED ENTRY--PERSONAL NAME |
| Personal name |
Álvarez, Víctor, |
| Relator term |
editor |
| 942 ## - ADDED ENTRY ELEMENTS (KOHA) |
| Source of classification or shelving scheme |
Dewey Decimal Classification |
| Koha item type |
Libro |
| Classification part |
709 |
| Item part |
S955 |